La reforma educacional en la enseñanza media diagnóstico de la asignatura de matemáticas período 1968-1973

Saved in:
Bibliographic Details
Main Author: Praus Petroff, Wadim (autor)
Format: Book
Language:Spanish
Published: Valparaíso Universidad Católica de Valparaíso 1997
Subjects:
Tags: Add Tag
No Tags, Be the first to tag this record!

MARC

LEADER 00000nam a2200000 a 4500
001 UCN3429
003 CL-VaPUC
008 010629e19970000CL |||||||||||||||||spa|d
082 0 4 |a 372.7  |b PRA  |2 21 
100 |a Praus Petroff, Wadim  |e autor  |9 459964 
245 1 3 |a La reforma educacional en la enseñanza media diagnóstico de la asignatura de matemáticas período 1968-1973 
300 |a 31 h 
942 |c BK 
945 |d 20010629 00:00:00  |a rbrito 
260 |a Valparaíso  |b Universidad Católica de Valparaíso  |c 1997 
650 0 |a Matemáticas  |x Enseñanza  |9 875527 
650 0 |a Reforma educacional   |9 256319 
583 |a last modification  |c 20131129 02:07:59  |k Rodrigo Vera 
999 |c 296319  |d 296317 
952 |0 0  |1 0  |4 0  |6 372_700000000000000_PRA_1997  |7 0  |8 A  |9 350003  |a BIBMAT  |b BIBMAT  |c E_DIDACT  |d 2019-11-20  |i 3693740  |o 372.7 PRA 1997  |p 3693740  |r 2025-01-07  |w 2019-11-20  |y BK  |k MAT